| 000 | 01061nam a2200241 a 4500 | ||
|---|---|---|---|
| 001 | BRCA_8859 | ||
| 005 | 20190320210434.0 | ||
| 008 | 160517s1781----it-#######---#000-0#lat-# | ||
| 041 | _alat | ||
| 084 |
_aBE236 _b.T56 1781 |
||
| 100 | 1 |
_aTomás de Aquino _cSanto _d1225? - 1274 _922059 |
|
| 245 | 1 | 0 |
_aSumma totius theologiae s. Thomae Aquinatis, doctoris angelici _ccum appendicibus P. Seraphini Capponi a porrecta ardinis praedicatorum tertiae partis volumen scundum; tomus XIII. |
| 260 |
_aPatavii _bEX typographia Seminarii apud Joannem Manfre _c1781 |
||
| 300 |
_aXIV, 585 p. (t.13) _c16 x 9 cm. |
||
| 500 | _aSuperiorum permissu | ||
| 500 | _aEstado físico: presenta encuadernación en pergamino deteriorado, con lomo semi desprendido y presencia del pez de plata | ||
| 650 | 1 | 4 |
_aIglesia católica _yObras anteriores a 1800 _922060 |
| 650 | 1 | 4 |
_aTeología doctrinal _yObras anteriores a 1800 _922061 |
| 700 | 1 |
_aCapponi, Serafino _dca. 1536 - 1614 _ecolaborador _922062 |
|
| 700 | 1 |
_aManfré Giovanni _eImpresor _922063 |
|
| 902 | _aCFM | ||
| 942 |
_2lcc _cB |
||
| 999 |
_c8510 _d8510 |
||